All of JackSucksAtLife's Channels - Statistics

General Stats
  • This quiz has been taken 217 times
    207 since last reset
  • The average score is 7 of 13
Answer Stats
Answer % Correct
JackSucksAtLife
97%
JackSucksAtGeography
86%
JackSucksAtStuff
82%
JackMasseyWelsh
59%
Jack Massey Welsh
59%
JackSucksAtClips
59%
SamSmellsOfApricot
53%
JackSucksAtPopUpPirate
52%
turd boi420
44%
ejsafc
36%
SamSmellsOfApricots
36%
Don't Subscribe
35%
Jacksepicyoutubechannelfulloffuntimesandfunhirickx
35%
No matching quizzes found
Score Distribution
Percent of People with Each Score
Percentile by Number Answered
Your Score History
You have not taken this quiz since the last reset